书目信息 |
| 题名: |
有机合成中的副反应
|
|
| 作者: | 多沃德 著 ;田伟生 , 史勇 译 | |
| 分册: | Ⅱ 芳香族分子取代反应 | |
| 出版信息: | 上海 华东理工大学出版社 2017.1 |
|
| 页数: | 264页 | |
| 开本: | 24cm | |
| 丛书名: | ||
| 单 册: | ||
| 中图分类: | O621.3 , O625 | |
| 科图分类: | ||
| 主题词: | 有机合成--副反应 , 芳香族化合物--取代反应 | |
| 电子资源: | ||
| ISBN: | 978-7-5628-4881-3 | |
| 000 | 01624nam0 2200325 450 | |
| 001 | 0400001926 | |
| 005 | 20171025153958.40 | |
| 010 | @a978-7-5628-4881-3@b精装@dCNY88.00 | |
| 100 | @a20170328e2017 em y0chiy50 ea | |
| 101 | 1 | @achi@cger |
| 102 | @aCN@b310000 | |
| 105 | @ay z 001yy | |
| 106 | @ar | |
| 200 | 1 | @a有机合成中的副反应@9you ji he cheng zhong de fu fan ying@hⅡ@i芳香族分子取代反应@dSide reactions in organic synthesis@hII@iAromatic substitutions@zeng@f(瑞士)Florencio Zaragoza Dorwald著@g田伟生,史勇译 |
| 210 | @a上海@c华东理工大学出版社@d2017.1 | |
| 215 | @a264页@d24cm | |
| 300 | @a“十三五”国家重点图书 当代化学学术精品译库 | |
| 314 | @a佛罗伦西奥·萨拉戈萨·多沃德 (Florencio Zaragoza Dorwald),曾在位于德国哥廷根的乔治-奥古斯都大学和法国斯特拉斯堡的路易斯巴斯德大学学习化学,于1990年获得了天然产物合成方向的理学博士学位。随后他在瑞士巴塞尔大学A.Pfaltz教授课题组和美国北德克萨斯大学进行了为期一年的博士后研究。 | |
| 330 | @a本书重点在芳香体系的取代反应,也是有机合成中的重要领域。本书将展示这一常用合成转化中存在的主要问题与局限性,并希望有助于化学家们鉴定副产物以及设计更好的合成路线。 | |
| 510 | 1 | @aSide reactions in organic synthesis@hII@iAromatic substitutions@zeng |
| 517 | 1 | @a芳香族分子取代反应@9fang xiang zu fen zi qu dai fan ying |
| 606 | 0 | @a有机合成@x副反应 |
| 606 | 0 | @a芳香族化合物@x取代反应 |
| 690 | @aO621.3@v5 | |
| 690 | @aO625@v5 | |
| 701 | 0 | @c(瑞士)@a多沃德@9duo wo de@c(Dorwald, Florencio Zaragoza)@4著 |
| 702 | 0 | @a田伟生@9tian wei sheng@4译 |
| 702 | 0 | @a史勇@9shi yong@4译 |
| 801 | 0 | @aCN@b91MARC@c20171019 |
| 905 | @b1025991-5@dO621.3@f5@e97:2 | |
| 有机合成中的副反应.Ⅱ.芳香族分子取代反应=Side reactions in organic synthesis.II.Aromatic substitutions/(瑞士)Florencio Zaragoza Dorwald著/田伟生,史勇译.-上海:华东理工大学出版社,2017.1 |
| 264页;24cm |
| “十三五”国家重点图书 当代化学学术精品译库 |
| ISBN 978-7-5628-4881-3(精装):CNY88.00 |
| 本书重点在芳香体系的取代反应,也是有机合成中的重要领域。本书将展示这一常用合成转化中存在的主要问题与局限性,并希望有助于化学家们鉴定副产物以及设计更好的合成路线。 |
| ● |
| 相关链接 |
|
|
|
|
正题名:有机合成中的副反应
索取号:O621.3/97:2
 
预约/预借
| 序号 | 登录号 | 条形码 | 馆藏地/架位号 | 状态 | 备注 |
| 1 | 1025991 | 210259913 | 第二样本阅览室/ [索取号:O621.3/97:2] | 在馆 | |
| 2 | 1025992 | 210259922 | 第三借阅区/ [索取号:O621.3/97:2] | 在馆 | |
| 3 | 1025993 | 210259931 | 第三借阅区/ [索取号:O621.3/97:2] | 在馆 | |
| 4 | 1025994 | 210259940 | 第三借阅区/ [索取号:O621.3/97:2] | 在馆 | |
| 5 | 1025995 | 210259959 | 密集书库-化学系/ [索取号:O621.3/97:2] | 在馆 |